00916nam a22002417a 4500999001500000003000400015005001700019008004100036017004500077020001800122040002400140100002400164245012800188260002800316300002000344504002100364630003300385650005200418650004100470700002900511942000800540952012600548 c7244d7244OSt20190722123559.0190722s2019 sp |||||| 000 ||spa|d aDL B. 9698-2019bBiblioteca de Catalunya a9788491871965 aES-BaUABbcatcCDMR1 aRiera Pujal, Jordi,13aEl Juevesb: crónica sentimental de España /cprologo de Santiago Segura : recopilación y textos de Jordi Riera Pujal aBarcelona :bRBA,c2019 a221 p. ;c25 cm aÍndex d'autors04aJueves (Revista)xHistòria04aHumorisme gràficxHistòriay1977-20199308404aDibuixantsy1977-201993384zEspanya1 aSegura, Santiago,d1965- cMON 00144070aCDMRbCDMRd2019-07-22eIntercanvig22.80l4m3pCDMR19071271r2020-08-03s2020-08-03v22.80w2019-07-22yMON